Statistics for Diplomatic Missions of Moldova

Click here to take the quiz!

General Stats

  • This quiz has been taken 36 times
  • The average score is 63 of 75

Answer Stats

MissionAnswer% Correct
CountryAustria
96%
EmbassyBerlin
96%
EmbassyBrussels
96%
MissionBrussels
96%
CountryCzech Republic
96%
CountryFrance
96%
CountryGermany
96%
CountryItaly
96%
CountryRomania
96%
EmbassyRome
96%
CountryUnited Kingdom
96%
CountryUnited States
96%
EmbassyVienna
96%
EmbassyBucharest
93%
Consulate GeneralMilan
93%
EmbassyParis
93%
EmbassyPrague
93%
CountryUkraine
93%
EmbassyWashington D.C.
93%
EmbassyBeijing
89%
CountryBelarus
89%
CountryBelgium
89%
CountryCanada
89%
CountryChina
89%
EmbassyKyiv
89%
CountryLatvia
89%
EmbassyLisbon
89%
EmbassyLondon
89%
EmbassyMadrid
89%
EmbassyMoscow
89%
EmbassyOttawa
89%
CountryPoland
89%
CountryPortugal
89%
CountryRussia
89%
CountrySpain
89%
Consulate GeneralBarcelona
85%
EmbassyBudapest
85%
EmbassyDublin
85%
CountryHungary
85%
CountryIreland
85%
CountryJapan
85%
CountryLithuania
85%
EmbassyMinsk
85%
Permanent RepresentationNew York City
85%
EmbassyRiga
85%
EmbassyTokyo
85%
EmbassyWarsaw
85%
CountryBulgaria
81%
CountryEstonia
81%
Consulate GeneralOdessa
81%
EmbassySofia
81%
EmbassyStockholm
81%
CountrySweden
81%
EmbassyVilnius
81%
EmbassyAthens
78%
Permanent RepresentationGeneva
78%
CountryIsrael
78%
CountryNetherlands
78%
EmbassyTel Aviv
78%
CountryAzerbaijan
74%
Consulate GeneralFrankfurt
74%
CountryGreece
74%
Consulate GeneralIstanbul
74%
Permanent RepresentationStrasbourg
74%
EmbassyTallinn
74%
CountryTurkey
74%
CountryUnited Arab Emirates
74%
EmbassyAbu Dhabi
70%
EmbassyAnkara
70%
EmbassyBaku
70%
EmbassyThe Hague
70%
CountryQatar
67%
EmbassyDoha
63%
Consulate GeneralIași
52%
ConsulatePadua
26%

Score Distribution

Percentile by Number Answered

Percent of People with Each Score

Your Score History

You have not taken this quiz